| 000 | 00495nam a2200181Ia 4500 | ||
|---|---|---|---|
| 003 | LK-CoDNM | ||
| 008 | 010623t1990 xxu||||| |||| 00| 1 sin d | ||
| 040 |
_aLK-CoDNM _dLK-CoDNM _eLK-CoDNM |
||
| 041 | _asin | ||
| 080 |
_a791.43 _bWAR |
||
| 100 | _aWarnasuriya, Nisitha | ||
| 245 | _aචලන චිත්රයේ කථාව | ||
| 246 | _aChalana chithrayee kathava | ||
| 260 |
_bState printing corporation _aPadukka _c1990 |
||
| 300 | _b240, 22 cm | ||
| 650 | _aCinema | ||
| 942 | _cBK | ||
| 999 |
_c114733 _d114733 |
||